000 01489cam a22003737i 4500
001 8969
003 FISKH
005 20251111153021.0
008 160408s2016 nyua j 001 0 eng d
010 _a 2016304739
020 _a9781465443878
_q(pbk.)
020 _a1465443878
_q(pbk.)
040 _aYDXCP
_beng
_cYDXCP
_dOCLCF
050 0 0 _aQA465
_b.B168 2016
082 0 4 _a530.8
_223
100 1 _aBall, Johnny,
_eauthor.
245 1 0 _aWhy Pi? /
_cJohnny Ball.
260 _aNew York :
_bDk Publishing,
_c2016.
300 _a93 pages :
_bcolor illustrations ;
_c28 cm
500 _aIncludes index.
500 _a"Big questions about math"--Cover.
520 _aIntroduces the concepts of measurement and mathematics, discussing their use throughout history, along with examples of how they are used in everyday life in calculating temperature, light, electricity, time, music, and objects in space.--
_cSource other than Library of Congress.
650 0 _aMeasurement
_vJuvenile literature.
650 0 _aMathematics
_vJuvenile literature.
650 0 _aPi
_vJuvenile literature.
650 7 _aMathematics.
_2fast
_0(OCoLC)fst01012163
650 7 _aMeasurement.
_2fast
_0(OCoLC)fst01715944
650 7 _aPi.
_2fast
_0(OCoLC)fst01063334
655 7 _aJuvenile works.
_2fast
_0(OCoLC)fst01411637
655 7 _aLiterature.
_2lcgft
_0https://id.loc.gov/authorities/genreForms/gf2014026415
906 _a7
_bcbc
_ccopycat
_d2
_encip
_f20
_gy-gencatlg
942 _2ddc
_cBK
_n0
999 _c8969
_d8969